000 00578cam a2200205ua 4500
001 3347
005 20260515113651.0
008 111019n ii |||gr||||Z||||||eng
040 _cMAIN
082 _a920
100 1 _aTaid, Tabu,
_ecomplied & edited.,
245 1 1 _aBanikanta Kakati :
_bthe man and his works /
_ced. by Tabu Taid
250 _a1st.
260 _aGuahati:
_bPublication Board Assam,988.
300 _a262p:
_c23cm.
653 _aBiography
653 _aBiography of Banikanta Kakati
700 _aGoswami, Ranjit Dev.,
_ecomplied & edited.,
942 _cBK
999 _c3190
_d3190